000 00786nam a2200253 a 4500
001 67499
003 BD-RjUL
005 20211209081649.0
008 170325r20052003nyuad||| |||| 001 0 eng d
020 _a8126904909
035 _a(BD-RjUL)67630
040 _aBD-RjUL
_beng
_cBD-RjUL
041 _aeng
082 _223
_a639.80954
_bSUS 2005
245 0 0 _aSustainable aquaculture :
_bglobal perspectives /
_ceditors Bana Bihari Jana; Carl D Webster
260 _aNew York :
_bFood Products Press,
_c2003 [reprint 2005]
300 _aix, 365 p. :
_bill.;
_c22 cm.
504 _aIncludes index & bibliography.
650 _aSustainable aquaculture
_987742
651 _aIndia
_9200007
700 _aJana, Bana Bihari
_9200008
700 _aWebster, Carl D
_9200009
942 _2ddc
_cBK
999 _c67499
_d67499